AutoCAD 2013 (Registro nro. 3010)
[ vista simple ]
| 000 -Cabecera | |
|---|---|
| Campo de control de longitud fija | 00676aam a2200277 4500 |
| 005 - Fecha y hora de la última transacción | |
| Campo de control | 20240823194406.0 |
| 008 - Elementos de longitud fija--Información general | |
| Campo de control de longitud fija | 150624b2012 sp ||||| |||| 00| 0 spa d |
| 020 ## - International Standard Book Number | |
| Número Internacional Estándar del Libro (ISBN) | 9788441532793 |
| 041 ## - Idioma | |
| Código de idioma | Español |
| 082 ## - Clasificación Decimal Dewey | |
| Número de clasificación | 604.2 Ch456a |
| 100 ## - Entrada principal--Autor personal | |
| Nombre personal | Chanes, Milton |
| 9 (RLIN) | 16991 |
| 245 ## - Título propiamente dicho | |
| Título | AutoCAD 2013 |
| 260 ## - Pie de imprenta | |
| Lugar de publicación, distribución, etc. | España |
| 260 ## - Pie de imprenta | |
| Nombre del editor, distribuidor, etc. | Anaya |
| 260 ## - Pie de imprenta | |
| Fecha de publicación, distribución, etc. | 2012 |
| 300 ## - Descripción física | |
| Extensión | 335 páginas |
| 650 ## - Materia general | |
| Temática (materia general) | DIBUJO TÉCNICO |
| 650 ## - Materia general | |
| Temática (materia general) | AUTOCAD 2013 |
| 650 ## - Materia general | |
| Temática (materia general) | ENTORNO GRÁFICO |
| 650 ## - Materia general | |
| Temática (materia general) | DISTRIBUCIÓN DEL CAMPO |
| 650 ## - Materia general | |
| Temática (materia general) | BATERÍAS DE BAÑO |
| 650 ## - Materia general | |
| Temática (materia general) | ZONA DE SERVICIOS |
| 650 ## - Materia general | |
| Temática (materia general) | DISEÑO CON AYUDA DE COMPUTADORA |
| 942 ## - Punto de acceso adicional KOHA | |
| Tipo de ítem KOHA | Libro |
| Fuente del sistema de clasificación o colocación | Dewey Decimal Classification |
| Signatura completa | Código de barras | Programa Académico | Tipo de ítem |
|---|---|---|---|
| 604.2 Ch456a | 17729 | Electrónica | Libro |